| 000 | 00762nam a2200229 i 4500 | ||
|---|---|---|---|
| 001 | 141576 | ||
| 003 | ES-MaACL | ||
| 005 | 20250716063308.0 | ||
| 007 | t| | ||
| 008 | 070925s1976 sp d |||| | spa d | ||
| 100 | 0 |
_aVoltaire, _d1694-1778 _9115721 |
|
| 245 | 1 | 0 |
_aDiccionario filosófico / _cVoltaire ; edición y prólogo de Luis Martínez Drake ; traducción de José Areán-Fernández y Luis Martínez Drake. |
| 260 |
_a[Madrid] : _bAkal, _c[1976] |
||
| 300 |
_a382 p. ; _c22 cm. |
||
| 490 | 1 | _aManifiesto | |
| 650 | 0 | 4 |
_aFilosofía- _vDiccionarios. _912806 |
| 700 | 1 |
_aMartínez Drake, Luis. _978063 |
|
| 700 | 1 |
_aAreán Fernández, José. _922565 |
|
| 830 | 0 |
_aManifiesto _9187216 |
|
| 852 |
_aES-MaACL _jA-5571 |
||
| 999 |
_c141576 _d141576 |
||